000 00808nam a2200253Ia 4500
003 OSt
005 20221005104201.0
006 a|||||r|||| 00| 0
007 ta
008 221004b |||||||| |||| 00| 0 hin d
024 _a32324
037 _cTextual
040 _aCRL
_cCRL
_bhin
041 _2hin
_ahin
082 _aO152,1M86,1:g, L5
100 _aनगेन्द्र
245 0 _aसाकेत
_b एक अध्ययन
246 _aSāketa: ek adhyayana
260 _aदिल्ली
_bनेशनल पब्लिशिंग हाउस भारत
_c1975
300 _a158पृ.
_ccm.
650 _aहिन्दी साहित्य
942 _hO152,1M86,1:g, L5
_cTEXL
_2cc
999 _c1011971
_d1011971